000 00408nam a2200169Ia 4500
008 230524s9999 xx 000 0 und d
020 _a978812034527
082 _a331
_bBUL
100 _aK.R.Bulchandani
245 0 _aBusiness Law For Management
250 _a5TH
260 _aNEW DELHI
_bHimalaya
_c2008
300 _aXIVII;624
500 _aQuantity Number: 5
650 _aManagement
942 _cBK
999 _c42543
_d42543